000 00988cam a2200289 4500
001 J4039
008 090401t1996 xxu||||| |||| 00| 0 eng d
035 _a(Sirsi) u58023
041 _aeng
050 _a658.99
100 _aWithycombe, S.I.
245 _aRisk from construction : preparation of a clients` guide.
260 _aLondon
_bCIRIA
_c1996
300 _a57p. ; 30cm.
350 _a13
490 _aCIRIA Project Report
_v19
520 _aSupplement to CIRIA Special Publication 125 - Control of Risk: a Guide to the Systematic Management of Risk from Construction. Prepared under contract to CIRIA by Sir William Halcrow and Partners Ltd et al.
650 _aCONSTRUCTION INDUSTRY
650 _aProject management
_96261
650 _aRISK ANALYSIS
650 _aRISK ASSESSMENT
650 _aRISK MANAGEMENT
690 _aBUILT ENVIRONMENT
710 _aConstruction Industry Research and Information Association
_94810
942 _n0
948 _c04/03/1997
999 _c94010
_d94010